00934nam a2200253 a 450000100060000000300080000600500170001400800410003103500190007204000360009104100080012708200250013524500550016026000300021530000250024549000170027065000340028765000530032165100790037483000540045394200120050799900170051995201440053651389BD-RjUL20211209075643.0160830s1946 enk f00000 eng d a(BD-RjUL)51509 aANLbengdANLdBD-RjULcBD-RjUL0 aeng 223a331.21bROY 194910aRoyal Commission on Equal Pay, 1944-46 :breport / aLondon :bH.M.S.O.,c1946 axi, 219 p. ;c24 cm.1 aCmd. ;v6937 0aWageszGreat Britain.9133540 0aEqual pay for equal workzGreat Britain.9153715 0aGreat BritainxOfficials and employeesxSalaries, allowances, etc.9153716 0aCmd. (Great Britain. Parliament) ;v6937.9153721 2ddccBK c51389d51389 00102ddc40708NFICaRUCLbRUCLcStackd1962-02-01eDr. A.J. Qurishig15.00l0o331.21 ROY 1949r2016-08-30 00:00:00tC-2w2016-08-30yBK